000 00370nam a2200145Ia 4500
008 230917s9999||||xx |||||||||||||| ||und||
040 _e149481
_aMAIN
041 _aEnglish
082 _a759.954 W149B
100 _aWalia, J S
245 0 _aBharatiya chitrakala ka alochathmak itihas
260 _aJalandhar
_bPaul Publishers
_c2007
300 _a432 p.
942 _cBK
999 _c154400
_d154400